ბათუმის შოთა რუსთაველის სახელმწიფო უნივერსიტეტის ბიბლიოთეკა

Археологические путешествия / (ბიბ.ჩანაწერი № 61085)

000 -LEADER
fixed length control field 00674nam a22001817a 4500
005 - DATE AND TIME OF LATEST TRANSACTION
control field 20231215122006.0
008 - FIXED-LENGTH DATA ELEMENTS--GENERAL INFORMATION
fixed length control field 231215s1974 ru ||||| |||| 00| 0 rus d
041 ## - LANGUAGE CODE
Language code of text/sound track or separate title rus
080 ## - UNIVERSAL DECIMAL CLASSIFICATION NUMBER
Universal Decimal Classification number 902/904 Ф-79
100 ## - MAIN ENTRY--PERSONAL NAME
Personal name Формозов, А.А.
9 (RLIN) 20760
245 ## - TITLE STATEMENT
Title Археологические путешествия /
Statement of responsibility, etc. А.А. Формозов; Академия наук СССР.
264 ## - PRODUCTION, PUBLICATION, DISTRIBUTION, MANUFACTURE, AND COPYRIGHT NOTICE
Place of production, publication, distribution, manufacture Москва :
Name of producer, publisher, distributor, manufacturer Наука,
Date of production, publication, distribution, manufacture, or copyright notice 1974.
300 ## - PHYSICAL DESCRIPTION
Extent 118 с.:
Other physical details ил.;
Dimensions 20 см.
440 ## - SERIES STATEMENT/ADDED ENTRY--TITLE
Title Научно-популярная серия
9 (RLIN) 20761
653 ## - INDEX TERM--UNCONTROLLED
keyword არქეოლოგია
710 ## - ADDED ENTRY--CORPORATE NAME
Corporate name or jurisdiction name as entry element Академия наук СССР
9 (RLIN) 20762
942 ## - ADDED ENTRY ELEMENTS (KOHA)
Source of classification or shelving scheme
Koha item type წიგნი
ეგზემპლარები
Withdrawn status Lost status Source of classification or shelving scheme Damaged status Not for loan Permanent Location Current Location Shelving location Date acquired Cost, normal purchase price Full call number Barcode Date last seen Copy number Uniform Resource Identifier Price effective from Koha item type Public note
          ბათუმის შოთა რუსთაველის სახელმწიფო უნივერსიტეტის მთავარი ბიბლიოთეკა ბათუმის შოთა რუსთაველის სახელმწიფო უნივერსიტეტის მთავარი ბიბლიოთეკა წიგნსაცავი 2023-12-15 4.00 902/904 Ф-79 65596 2023-12-15 65596 ბსუ-ს საპატიო დოქტორის გურამ ლორთქიფანიძის საჩუქარი 2023-12-15 წიგნი 4 ლ.